Human Dimension and Security Sector Reform in Slovakia: Mission (In)complete?
Reforma bezpečnostného sektora (SSR, security sector reform) na Slovensku - prehľad práva a inštitúcií. Občianska spoločnosť a parlamentná kontrola ozbrojených síl SR. Priority v reforme bezpečnostného sektora a odporúčania.
Uložené v:
| Hlavný autor: | |
|---|---|
| Médium: | Kapitola |
| Jazyk: | English |
| Predmet: | |
| Tagy: |
Žiadne tagy, Buďte prvý, kto otaguje tento záznam!
|
MARC
| LEADER | 00000nla a2200000 4500 | ||
|---|---|---|---|
| 001 | 0235550 | ||
| 005 | 20240502083626.9 | ||
| 041 | 0 | |a eng | |
| 044 | |a UA | ||
| 245 | 1 | 0 | |a Human Dimension and Security Sector Reform in Slovakia: Mission (In)complete? |c Samuel Goda |
| 520 | |a Reforma bezpečnostného sektora (SSR, security sector reform) na Slovensku - prehľad práva a inštitúcií. Občianska spoločnosť a parlamentná kontrola ozbrojených síl SR. Priority v reforme bezpečnostného sektora a odporúčania. | ||
| 610 | 2 | 0 | |a bezpečnosť |
| 610 | 2 | 0 | |a bezpečnosť národná |
| 610 | 2 | 0 | |a obrana štátu |
| 610 | 2 | 0 | |a riziko bezpečnostné |
| 610 | 2 | 0 | |a reformy |
| 610 | 2 | 0 | |a orgány bezpečnostné |
| 610 | 2 | 0 | |a armáda |
| 610 | 2 | 0 | |a sily ozbrojené |
| 610 | 2 | 0 | |a legislatíva |
| 610 | 2 | 0 | |a ministerstvá |
| 610 | 2 | 0 | |a parlamenty |
| 610 | 2 | 0 | |a spoločnosť občianska |
| 610 | 2 | 0 | |a Slovensko |
| 610 | 2 | 0 | |a Ukrajina |
| 610 | 2 | 0 | |a Európska únia |
| 610 | 2 | 0 | |a NATO |
| 100 | 1 | |a Goda, Samuel | |